00828nam a22002657a 450000500170000000800410001701000130005802000350007102000320010603700170013804000170015510000230017224500470019526000310024230000250027350000060029865000540030465000290035865000300038765100530041765500310047065500240050194200200052599900170054520150814113222.0150814b xxu||||| |||| 00| 0 eng d a1516EN07 a9781447264538c$5.75 294.40 a1416548947c$9.99 399.00 bUBH/venaDPL adplbEnglish aMitchell, Margaret aGone with the wind /cby Margaret Mitchell aNew YorkbPan Booksc2014 a983p..c20 cm. (pbk) a" aO'Hara, Scarlett (Fictitious character)vFiction. aWomenzGeorgiaxFiction. aPlantation lifevFiction. aGeorgiaxHistoryyCivil War, 1861-1865xFiction. aHistorical fiction.2gsafd aWar stories.2gsafd 2ddccENhNmMIT c95997d95997